00784nam a2200241Ia 450000500170000000800410001704000190005804100120007708200160008910000240010524500950012925000170022426000320024130000170027350400500029065000180034065100290035870000200038785000100040794200070041799900160042495201020044020230102145018.0131103s9999 xx 000 0 und d aLoreto College aEnglish a822.09bGOW aGowda, H. H. Anniah 4aThe revival of english poetic dramacH. H. Anniah Gowda; with a foreword by Henry W. Wells a2nd enl. ed. aDelhibOrient Longmanc1972 axiii,360 p.  aIncludes bibliographical references and index aEnglish Drama aDrama - Critical Studies aWells, Henry W. aLCLIB cBK c6697d57176 00102ddc4070aMAINbMAINd2013-11-04l0o822.09 GOW 26849pB6566r2013-11-04w2013-11-04yBKf